<?xml version="1.0" encoding="UTF-8"?>
<record
    xmlns:xsi="http://www.w3.org/2001/XMLSchema-instance"
    xsi:schemaLocation="http://www.loc.gov/MARC21/slim http://www.loc.gov/standards/marcxml/schema/MARC21slim.xsd"
    xmlns="http://www.loc.gov/MARC21/slim">

  <leader>01450nam a2200193 a 4500</leader>
  <controlfield tag="008">171114e2016    ag ||||| |||| 00| f spa d</controlfield>
  <datafield tag="041" ind1=" " ind2=" ">
    <subfield code="a">spa</subfield>
  </datafield>
  <datafield tag="092" ind1=" " ind2=" ">
    <subfield code="c">808</subfield>
    <subfield code="l">68</subfield>
    <subfield code="s">PRO</subfield>
  </datafield>
  <datafield tag="100" ind1="1" ind2=" ">
    <subfield code="a">Probst, Jennifer</subfield>
    <subfield code="9">3380</subfield>
  </datafield>
  <datafield tag="245" ind1=" " ind2=" ">
    <subfield code="a">Matrimonio por contrato /</subfield>
    <subfield code="c">Jennifer Probst</subfield>
  </datafield>
  <datafield tag="250" ind1=" " ind2=" ">
    <subfield code="a">1a ed.</subfield>
  </datafield>
  <datafield tag="260" ind1=" " ind2=" ">
    <subfield code="a">Buenos Aires:</subfield>
    <subfield code="b">Cisne;</subfield>
    <subfield code="c">2016.</subfield>
  </datafield>
  <datafield tag="300" ind1=" " ind2=" ">
    <subfield code="a">267 p. </subfield>
  </datafield>
  <datafield tag="500" ind1=" " ind2=" ">
    <subfield code="a">Probst, J. (2016). Matrimonio por contrato. (1a ed.). Buenos Aires : Cisne.</subfield>
  </datafield>
  <datafield tag="505" ind1=" " ind2=" ">
    <subfield code="a">El multimillonario Nick Ryan siempre se ha regido por la l&#xF3;gica y la raz&#xF3;n, por lo que considera que eso del amor eterno es cosa de los cuentos de hadas. Como ahora debe casarse para obtener el control de sus negocios, necesita a alguien que acate unas reglas b&#xE1;sicas: no enamorarse, evitar cualquier implicaci&#xF3;n emocional y mantener una relaci&#xF3;n puramente formal. Alexa, es la mejor amiga de su hermana, es el tipo de chica impulsiva e idealista capaz de llevar a cabo un conjuro para conseguir a un hombre. Pero tambi&#xE9;n har&#xED;a lo que fuera por sus padres y resulta que necesitan dinero para liquidar la hipoteca de la casa familiar. As&#xED; que ella y Nick acuerdan un matrimonio de conveniencia durante un a&#xF1;o. No deber&#xED;a ser tan dificil &#xBF;verdad? Sin embargo, una serie de malentendidos, la irrupci&#xF3;n del pasado, el destino y la pasi&#xF3;n intervendr&#xE1;n para desbaratar sus planes. </subfield>
  </datafield>
  <datafield tag="590" ind1=" " ind2=" ">
    <subfield code="a">DONACION VERONICA ARIAS NOV/2017</subfield>
  </datafield>
  <datafield tag="655" ind1=" " ind2=" ">
    <subfield code="a">Literatura</subfield>
    <subfield code="9">2917</subfield>
  </datafield>
  <datafield tag="942" ind1=" " ind2=" ">
    <subfield code="2">ddc</subfield>
    <subfield code="c">LIT</subfield>
  </datafield>
  <datafield tag="999" ind1=" " ind2=" ">
    <subfield code="c">2578</subfield>
    <subfield code="d">2578</subfield>
  </datafield>
  <datafield tag="952" ind1=" " ind2=" ">
    <subfield code="0">0</subfield>
    <subfield code="1">0</subfield>
    <subfield code="2">ddc</subfield>
    <subfield code="4">0</subfield>
    <subfield code="7">0</subfield>
    <subfield code="a">BFM</subfield>
    <subfield code="b">BFM</subfield>
    <subfield code="c">CR</subfield>
    <subfield code="d">2017-11-14</subfield>
    <subfield code="e">Donacion</subfield>
    <subfield code="l">2</subfield>
    <subfield code="m">1</subfield>
    <subfield code="o">808;68;PRO</subfield>
    <subfield code="p">4043</subfield>
    <subfield code="r">2019-08-12</subfield>
    <subfield code="s">2019-07-05</subfield>
    <subfield code="t">Ej. 1</subfield>
    <subfield code="w">2017-11-14</subfield>
    <subfield code="y">LIT</subfield>
    <subfield code="z">DONACION VERONICA ARIAS NOV/2017</subfield>
  </datafield>
</record>
